|
|
|
|
| LEADER |
01006nam a2200253 a 4500 |
| 001 |
GR-Patra31109 |
| 008 |
970117s2010 gr u000 0 gre d |
| 020 |
|
|
|a 9789609904865
|
| 050 |
|
|
|a RC87.G56 2010
|
| 082 |
|
0 |
|a 616.0252
|2 22
|
| 100 |
1 |
|
|a Γκούρτσας, Νικόλαος Β.
|
| 245 |
1 |
0 |
|a Πρώτες βοήθειες :
|b first aid /
|c Νικόλαος Β.Γκούρτσας.
|
| 260 |
|
|
|a Αθήνα :
|b Δισίγμα,
|c c2010
|
| 300 |
|
|
|a 119 σ. :
|b εικ.
|
| 504 |
|
|
|a Βιβλιογραφία : σ.116
|
| 650 |
|
0 |
|a EMERGENCY MEDICINE
|
| 650 |
|
0 |
|a FIRST AID IN ILLNESS AND INJURY
|
| 650 |
|
4 |
|a ΕΠΕΙΓΟΥΣΑ ΙΑΤΡΙΚΗ
|
| 650 |
|
4 |
|a ΠΡΩΤΕΣ ΒΟΗΘΕΙΕΣ
|
| 710 |
0 |
|
|a Δίσιγμα
|
| 942 |
|
|
|2 ddc
|
| 952 |
|
|
|0 0
|1 0
|2 ddc
|4 0
|6 616_025200000000000_ΓΚΟ
|7 1
|9 313659
|a LISK
|b LISK
|c BSC
|d 2021-01-17
|e 24
|f 0
|g 0.00
|l 0
|o 616.0252 ΓΚΟ
|p 92410051240
|r 2021-01-17 00:00:00
|t 1
|w 2021-01-17
|y BKN
|x 20120528 0 0
|x GrPaTEI
|
| 971 |
|
|
|a .b26786813
|b 16-04-20
|c 26-09-16
|
| 999 |
|
|
|c 179443
|d 179443
|